Alter(n) in der alternden Gesellschaft: eine soziologische Einführung in die Wissenschaft vom Alter(n)
Eine materialreiche Einführung in die Alterssoziologie, welche als Ergänzung für das eingeführte Lehrbuch von Gertrud M. Backes und Clemens Hoffmann "Lebensphase Alter" (hier zuletzt in der 2., überarbeiteten und erweiterten Auflage, BA 4/04) gute Dienste leisten kann. Der Autor ist wissen...
| Main Author: | |
|---|---|
| Format: | Print Book |
| Language: | German |
| Published: |
Wiesbaden
VS Verlag für Sozialwissenschaften
2008
|
| In: | Year: 2008 |
| Edition: | 1. Aufl. |
| Online Access: |
Cover Cover Table of Contents Table of Contents Blurb Blurb Rezension (Publisher) |
| Availability in Tübingen: | Present in Tübingen. UB: 48 A 9863 |
| Check availability: | HBZ Gateway |
| Subito Delivery Service: | Order now. |
| Keywords: |
MARC
| LEADER | 00000cam a2200000 c 4500 | ||
|---|---|---|---|
| 001 | 481292217 | ||
| 003 | DE-627 | ||
| 005 | 20260206195214.0 | ||
| 007 | tu | ||
| 008 | 050309s2008 gw ||||| 00| ||ger c | ||
| 015 | |a 05,N12,0287 |2 dnb | ||
| 015 | |a 08,A30,0392 |2 dnb | ||
| 016 | 7 | |a 973981083 |2 DE-101 | |
| 020 | |a 3531145630 |9 3-531-14563-0 | ||
| 020 | |a 9783531145631 |c kart. : EUR 24.90 |9 978-3-531-14563-1 | ||
| 024 | 3 | |a 9783531145631 | |
| 035 | |a (DE-627)481292217 | ||
| 035 | |a (DE-603)133540871 | ||
| 035 | |a (DE-576)11647775X | ||
| 035 | |a (DE-599)DNB973981083 | ||
| 035 | |a (OCoLC)244039557 | ||
| 035 | |a (OCoLC)244039557 | ||
| 035 | |a (OCoLC)236327705 | ||
| 035 | |a (DE-478)952393720 | ||
| 040 | |a DE-627 |b ger |c DE-627 |e rakwb | ||
| 041 | |a ger | ||
| 044 | |c XA-DE-HE | ||
| 072 | 7 | |a JHB |2 bicssc | |
| 072 | 7 | |a SOC026000 |2 bisacsh | |
| 082 | 0 | |a 305.26072043 |q Offline MPIB | |
| 082 | 0 | |a 300 | |
| 082 | 0 | |a 305.26072 | |
| 082 | 0 | 4 | |a 300 |
| 084 | |a Gcu |2 asb | ||
| 084 | |a GCL 20 |2 ssd | ||
| 084 | |a S 640 |2 sfb | ||
| 084 | |a E 715 |2 kab | ||
| 084 | |a DS 7250 |2 rvk |0 (DE-625)rvk/19965: | ||
| 084 | |a MS 2700 |q DE-24/22sred |2 rvk |0 (DE-625)rvk/123642: | ||
| 084 | |a MS 7000 |2 rvk |0 (DE-625)rvk/123776: | ||
| 084 | |a 71.36 |2 bkl | ||
| 090 | |a a | ||
| 100 | 1 | |a Thieme, Frank |d 1947- |0 (DE-588)135754216 |0 (DE-627)570587735 |0 (DE-576)300628552 |4 aut | |
| 109 | |a Thieme, Frank 1947- | ||
| 245 | 1 | 0 | |a Alter(n) in der alternden Gesellschaft |b eine soziologische Einführung in die Wissenschaft vom Alter(n) |c Frank Thieme |
| 246 | 3 | 0 | |a Altern |
| 250 | |a 1. Aufl. | ||
| 264 | 1 | |a Wiesbaden |b VS Verlag für Sozialwissenschaften |c 2008 | |
| 300 | |a 327 S. |b graph. Darst. |c 210 mm x 148 mm | ||
| 336 | |a Text |b txt |2 rdacontent | ||
| 337 | |a ohne Hilfsmittel zu benutzen |b n |2 rdamedia | ||
| 338 | |a Band |b nc |2 rdacarrier | ||
| 490 | 0 | |a Lehrbuch | |
| 500 | |a Literaturverz. S. [309] - 327 | ||
| 520 | |a Eine materialreiche Einführung in die Alterssoziologie, welche als Ergänzung für das eingeführte Lehrbuch von Gertrud M. Backes und Clemens Hoffmann "Lebensphase Alter" (hier zuletzt in der 2., überarbeiteten und erweiterten Auflage, BA 4/04) gute Dienste leisten kann. Der Autor ist wissenschaftlicher Mitarbeiter und behandelt breit die Geschichte der Alternsforschung und der verschiedenen Aspekte des Alterns, wie z.B. Demografie, soziale Sicherung, Lebensumstände. Tabellen und grafische Darstellungen zu Ergebnissen der Sozialforschung ergänzen den Text, die Kapitel sind in sich abgeschlossen. Das Buch verleitet zum Blättern und sich festlesen, ein Lehrbuch freilich, wie der Umschlag verheißt, ist es nicht. (3) | ||
| 583 | 1 | |a Archivierung/Langzeitarchivierung gewährleistet |f SSG |x XA-DE-BW |2 pdager |5 DE-21 | |
| 583 | 1 | |a Archivierung/Langzeitarchivierung gewährleistet |f PEHE |2 pdager |5 DE-43 | |
| 650 | 0 | 7 | |0 (DE-588)4071757-4 |0 (DE-627)106097016 |0 (DE-576)209184817 |a Gerontologie |2 gnd |
| 650 | 4 | |a Alter | |
| 650 | 4 | |a Altern | |
| 650 | 4 | |a Alterssoziologie | |
| 650 | 4 | |a Gerontologie | |
| 650 | 4 | |a Gesellschaft | |
| 650 | 4 | |a Einführung | |
| 650 | 4 | |a Alterssoziologie | |
| 650 | 4 | |a Altersvorsorge, gesetzliche Rentenversicherung, Pflegeversicherung, gesetzliche Krankenversicherung | |
| 655 | 7 | |a Einführung |0 (DE-588)4151278-9 |0 (DE-627)104450460 |0 (DE-576)209786884 |2 gnd-content | |
| 689 | 0 | 0 | |d s |0 (DE-588)4071757-4 |0 (DE-627)106097016 |0 (DE-576)209184817 |a Gerontologie |2 gnd |
| 689 | 0 | |5 DE-101 | |
| 689 | 1 | 0 | |d s |0 (DE-588)4068596-2 |0 (DE-627)104516720 |0 (DE-576)209174242 |a Altern |2 gnd |
| 689 | 1 | |5 (DE-627) | |
| 689 | 2 | 0 | |d s |0 (DE-588)4001446-0 |0 (DE-627)104814578 |0 (DE-576)208842918 |a Alter |2 gnd |
| 689 | 2 | 1 | |d s |0 (DE-588)4020588-5 |0 (DE-627)106317520 |0 (DE-576)208933956 |a Gesellschaft |2 gnd |
| 689 | 2 | |5 (DE-627) | |
| 776 | 1 | |z 9783531908175 | |
| 856 | 4 | 2 | |u http://www.socialnet.de/rezensionen/isbn.php?isbn=978-3-531-14563-1 |m V:DE-601 |m B:socialnet. |q text/html |v 201307-05 |x Verlag |y Rezension (socialnet.) |3 Rezension |7 1 |
| 856 | 4 | 2 | |u http://bvbr.bib-bvb.de:8991/F?func=service&doc_library=BVB01&doc_number=013128025&line_number=0002&func_code=DB_RECORDS&service_type=MEDIA |m V:DE-604 |q application/pdf |3 Klappentext |7 1 |
| 856 | 4 | 2 | |u https://swbplus.bsz-bw.de/bsz11647775xcov.jpg |m V:DE-576 |m X:springer |q image/jpeg |v 20150417174416 |3 Cover |7 1 |
| 856 | 4 | 2 | |u https://swbplus.bsz-bw.de/bsz11647775xinh.htm |m V:DE-576 |v 2008-03-19 |3 Inhaltsverzeichnis |7 1 |
| 856 | 4 | 2 | |u http://scans.hebis.de/HEBCGI/show.pl?13354087_toc.pdf |m V:DE-603;B:DE-17 |q application/pdf |3 Inhaltsverzeichnis |7 1 |
| 856 | 4 | 2 | |u http://scans.hebis.de/HEBCGI/show.pl?13354087_kla.pdf |m V:DE-604 |q application/pdf |3 Klappentext |7 1 |
| 856 | 4 | 2 | |u http://scans.hebis.de/HEBCGI/show.pl?13354087_cov.jpg |m V:DE-576;X:springer |q image/jpeg |3 Cover |7 1 |
| 935 | |a mkri | ||
| 935 | |i sf | ||
| 935 | |i Blocktest | ||
| 936 | r | v | |a DS 7250 |b Altenarbeit, Altenpflege, Sterbebegleitung |k Pädagogik |k Sozialpädagogik, Sozialarbeit |k Berufsfelder |k Altenarbeit, Altenpflege, Sterbebegleitung |0 (DE-627)1270784471 |0 (DE-625)rvk/19965: |0 (DE-576)200784471 |
| 936 | r | v | |a MS 2700 |b Alterssoziologie (Alte Menschen; Gerontologie, Rentner, Altersheim) |k Soziologie |k Spezielle Soziologien |k Alterssoziologie (Alte Menschen; Gerontologie, Rentner, Altersheim) |0 (DE-627)1270915681 |0 (DE-625)rvk/123642: |0 (DE-576)200915681 |
| 936 | r | v | |a MS 7000 |b Allgemeines |k Soziologie |k Spezielle Soziologien |k Pädagogische Soziologie |k Allgemeines |0 (DE-627)1271365928 |0 (DE-625)rvk/123776: |0 (DE-576)201365928 |
| 936 | b | k | |a 71.36 |j Alterssoziologie |0 (DE-627)106416111 |
| 936 | s | n | |a m200 |2 mzub |
| 951 | |a BO | ||
| ELC | |b 1 | ||
| LOK | |0 000 xxxxxcx a22 zn 4500 | ||
| LOK | |0 001 3201472891 | ||
| LOK | |0 003 DE-627 | ||
| LOK | |0 004 481292217 | ||
| LOK | |0 005 20080909133833 | ||
| LOK | |0 008 080901||||||||||||||||ger||||||| | ||
| LOK | |0 040 |a DE-21 |c DE-627 |d DE-21 | ||
| LOK | |0 852 |a DE-21 | ||
| LOK | |0 852 1 |c 48 A 9863 |9 00 | ||
| LOK | |0 938 |l 40 |8 2 | ||
| LOK | |0 938 |l 09/09/08 |8 6 | ||
| LOK | |0 939 |a 01-09-08 |b l01 | ||
| LOK | |0 000 xxxxxcx a22 zn 4500 | ||
| LOK | |0 001 320147293X | ||
| LOK | |0 003 DE-627 | ||
| LOK | |0 004 481292217 | ||
| LOK | |0 005 20240215100355 | ||
| LOK | |0 008 080111||||||||||||||||ger||||||| | ||
| LOK | |0 040 |a DE-21-85 |c DE-627 |d DE-21-85 | ||
| LOK | |0 541 |e 07-552 | ||
| LOK | |0 689 |a s |0 1311079262 |a Alter | ||
| LOK | |0 852 |p 615027294911 | ||
| LOK | |0 852 |a DE-21-85 | ||
| LOK | |0 852 1 |c 3.145.2008 |m p |9 00 | ||
| LOK | |0 935 |a k085 |a i085 |a kneu |a isda | ||
| LOK | |0 938 |k p | ||
| LOK | |0 939 |a 11-01-08 |b l01 | ||
| LOK | |0 000 xxxxxcx a22 zn 4500 | ||
| LOK | |0 001 3201472956 | ||
| LOK | |0 003 DE-627 | ||
| LOK | |0 004 481292217 | ||
| LOK | |0 005 20080311115231 | ||
| LOK | |0 008 080311||||||||||||||||ger||||||| | ||
| LOK | |0 040 |a DE-21-58 |c DE-627 |d DE-21-58 | ||
| LOK | |0 541 |e 08-197 | ||
| LOK | |0 689 |a s |0 133686446X |a Alterssoziologie | ||
| LOK | |0 852 |a DE-21-58 | ||
| LOK | |0 852 1 |c C II 1194 |m p |9 00 | ||
| LOK | |0 935 |a tsh0 | ||
| LOK | |0 938 |k p | ||
| LOK | |0 939 |a 11-03-08 |b l01 | ||
| LOK | |0 000 xxxxxcx a22 zn 4500 | ||
| LOK | |0 001 3201474363 | ||
| LOK | |0 003 DE-627 | ||
| LOK | |0 004 481292217 | ||
| LOK | |0 005 20080102112236 | ||
| LOK | |0 008 050411||||||||||||||||ger||||||| | ||
| LOK | |0 040 |a DE-Frei85 |c DE-627 |d DE-Frei85 | ||
| LOK | |0 852 |a DE-Frei85 | ||
| LOK | |0 852 1 |m p |9 00 | ||
| LOK | |0 938 |k p | ||
| LOK | |0 939 |a 11-04-05 |b l01 | ||
| ORI | |a SA-MARC-krimdoka001.raw | ||
| SIG | |a UB: 48 A 9863 | ||
